000 02684nam a22002897a 4500
999 _c60945
_d60945
003 Ge_BSU
005 20231128103200.0
008 231128s2023 ge ||||| |||| 00| 0 geo d
020 _a9789941859113
041 _ageo
080 _a94(479.223) ს-28
100 _aსარალიძე, ლელა
_920490
245 _aბათუმი საქართველოს დემოკრატიული რესპუბლიკის პერიოდში (1918-1921) = Batumi during the period of the Democratic Rebublic of Georgia (1918-1921) :
_b[მონოგრაფია] /
_cლელა სარალიძე ; რედაქტორები: ლიანა მელიქიშვილი, დოდო ჭუმბურიძე ; გარეკანის დიზაინი დათო მოსიაშვილი ; რეგიონალიზმის კვლევის ინსტიტუტი, ბათუმის შოთა რუსთველის სახელმწ. უნივერსიტეტის ნიკო ბერძენიშვილის ინსტიტუტი.
264 _aთბილისი :
_bფავორიტი,
_c2023.
300 _a488 გვ. :
_bფოტ. ;
_c24 სმ
500 _aეძღვნება საქართველოს დემოკრატიული რესპუბლიკის 105 წლისთავს და მამის შაქრო სარალიძის ნათელ ხსოვნას.
501 _aპირთა საძიებელი: გვ. 473-480.
504 _aბიბლიოგრაფია ტექსტის შენიშვნებში და გვ. 442-472.
653 _aბათუმი თურქულ ისტორიოგრაფიაში
653 _aსოც. ეკონ. მდგომარეობა ბათუმში
653 _aისტორია
700 _aმელიქიშვილი, ლიანა
_eრედაქტორი
_97742
700 _aჭუმბურიძე, დოდო
_eრედაქტორი
_917394
700 _aმოსიაშვილი, დათო
_eგარეკანის დიზაინერი
_97743
710 _aრეგიონალიზმის კვლევის ინსტიტუტი.
_bბათუმის შოთა რუსთველის სახელმწ. უნივერსიტეტი. ნიკო ბერძენიშვილის ინსტიტუტი.
_920491
942 _2udc
_cBK